000 00807cam a22002533a 4500
001 30549
003 PGUSA
005 20140828083648.0
008 091126s2009||||xxu|||||s|||||000 | eng d
040 _aPGUSA
_beng
042 _adc
050 4 _aE151
050 4 _aDA
100 1 _aRobinson, Harry Perry,
_d1859-1930
245 1 4 _aThe Twentieth Century American :
_bBeing a Comparative Study of the Peoples of the Two Great Anglo-Saxon Nations
_h[electronic resource] /
_cHarry Perry Robinson
260 _bProject Gutenberg,
_c2009
506 _aPublic domain in the USA.
516 _aElectronic text
653 _aGreat Britain -- Civilization
653 _aUnited States -- Civilization
830 0 _aProject Gutenberg
_v30549
856 4 0 _uhttp://www.gutenberg.org/ebooks/30549
942 _cEB
999 _c259804
_d259804